|
|
|
|
| LEADER |
01144nam a2200301 a 4500 |
| 001 |
15725079 |
| 008 |
120115r20102009caua 001 0 eng d |
| 010 |
|
|
|a 2009278026
|
| 020 |
|
|
|a 9780596527587 (pbk.)
|
| 020 |
|
|
|a 0596527586 (pbk.)
|
| 020 |
|
|
|a 9788184045826
|
| 040 |
|
|
|a MEA
|c MEA
|d IAY
|d DLC
|d BD-DhAAL
|
| 082 |
0 |
4 |
|a 519.5
|2 22
|
| 999 |
|
|
|c 11772
|d 11772
|
| 999 |
|
|
|c 11772
|
| 100 |
1 |
|
|a Griffiths, Dawn.
|9 13830
|
| 245 |
1 |
0 |
|a Head first statistics /
|c Dawn Griffiths.
|
| 260 |
|
|
|a Sebastopol, CA :
|b O'Reilly Media ;
|a New Delhi :
|b Shroff Publishers and Distributors,
|c c2009.[Second Indian Reprinted 2011]
|
| 300 |
|
|
|a xxxviii, 677 p. :
|b ill. ;
|c 24 cm.
|
| 490 |
1 |
|
|a Head first series
|
| 500 |
|
|
|a Includes index.
|
| 541 |
1 |
|
|e 00024209
|
| 650 |
|
0 |
|a Statistics.
|9 13831
|
| 650 |
|
0 |
|a Statistics
|v Problems, exercises, etc.
|9 13832
|
| 830 |
|
0 |
|a Head first series.
|9 13833
|
| 852 |
1 |
|
|a Ayesha Abed Library
|j General shelf
|
| 942 |
|
|
|2 ddc
|c BK
|
| 952 |
|
|
|0 0
|1 0
|2 ddc
|4 0
|6 519_500000000000000_GRI
|7 0
|9 19167
|a BRACUL
|b BRACUL
|c GEN
|d 2012-01-15
|e Karim International
|g 1070.00
|l 26
|m 253
|o 519.5 GRI
|p 3010024209
|r 2025-01-18
|s 2024-11-13
|t 1
|w 2012-01-15
|y BK
|